| 000 | 01015cam a2200277 i 4500 | ||
|---|---|---|---|
| 001 | 22457 | ||
| 003 | BD-RjUL | ||
| 005 | 20211209000817.0 | ||
| 008 | 140308s1975 maua b 001 0 eng | ||
| 020 | _a0674304853 | ||
| 035 | _a(BD-RjUL)22522 | ||
| 040 |
_aDLC _cDLC _dDLC _dBD-RjUL _beng |
||
| 041 | 1 | _aengjpn | |
| 082 | 0 | 0 |
_a895.62308 _bKAB |
| 245 | 0 | 0 |
_aKabuki : _bfive classic plays / _ctranslated by James R. Brandon. |
| 260 |
_aCambridge : _bHarvard University Press, _c1975. |
||
| 300 |
_ax, 378 p. : _bill. ; _c24 cm. |
||
| 504 | _aIncludes Bibliography: p. 371-373 and index. | ||
| 505 | 0 | _aSukeroku: flower of Edo.--Saint Narukami and the god FudÅ.--Chronicle of the battle of Ichinotani.--Love letter from the licensed quarter.--The scarlet princess of Edo. | |
| 650 | 0 |
_aKabuki plays _xTranslations into English. _969353 |
|
| 650 | 0 |
_aJapanese drama _xTranslations into English. _969354 |
|
| 700 | 1 |
_aBrandon, James R. _950533 |
|
| 942 |
_2ddc _cBK |
||
| 999 |
_c22457 _d22457 |
||